000 00524nam a2200145Ia 4500
008 151213s9999 xx 000 0 und d
100 _aশামসুল ইসলাম।
245 _aচিরবিরিঞ্চর তরু।
_cশামসুল ইসলাম।
260 _aঢাকা
_bজাং . গ্রন্থ. কেন্দ্র।
_c1989
300 _a8527 p.
650 _aBengali Literature
650 _aBengali Literature
700 _aশামসুল ইসলাম।
999 _c4364
_d4364